| 000 | 00779nam a2200229Ia 4500 | ||
|---|---|---|---|
| 001 | 835 | ||
| 003 | GE_BSU | ||
| 008 | 181216s||||||||xx |||||||||||||| ||und|| | ||
| 020 | _a9785996302598 | ||
| 040 | _cGE_BSU | ||
| 080 | _a004.43(о75.8) | ||
| 100 | _aБиллиг,В.А. | ||
| 245 | _aОсновы объективного программирования на C#(C#З.О,Vlsual studio 2008) | ||
| 245 | _bУчебное пособие. | ||
| 260 | _aМосква | ||
| 260 | _bИнтернет- Университет информфц. технологии Бином. Лаборатория знаний | ||
| 260 | _c2010 | ||
| 300 | _a582стр. | ||
| 541 | _h20л. | ||
| 653 | _aОсновы объектного программировнии | ||
| 942 | _cBK | ||
| 999 |
_c34998 _d34998 |
||